[Event "Mechanics' Shipman TNM; G/2 d/5"]
[Site "San Francisco"]
[Date "2018.09.04"]
[Round "5.26"]
[White "Robeal, Rafik"]
[Black "Otterbach, Renate"]
[Result "0-1"]
[WhiteElo "1671"]
[BlackElo "1082"]
[PlyCount "70"]
[EventDate "2018.??.??"]
[Source "ChessBase"]
[SourceDate "2007.09.04"]

1. d4 d5 2. Nf3 Bf5 3. g3 Nf6 4. Bg2 e6 5. O-O h6 6. c4 c6 7. b3 Nbd7 8. Bb2
Be7 9. Nc3 dxc4 10. bxc4 Nb6 11. Qb3 Qc7 12. Nd2 O-O 13. e4 Bh7 14. Rac1 Rfd8
15. Ne2 a5 16. c5 Nbd7 17. Ba3 a4 18. Qf3 Qb8 19. Rc4 Bf8 20. Nc3 b6 21. Rxa4
bxc5 22. Rb1 Qc8 23. d5 cxd5 24. Re1 Ne5 25. Qe2 d4 26. Rxa8 Qxa8 27. Ncb1 Qa4
28. f4 d3 29. Qd1 Qd4+ 30. Kh1 Neg4 31. Qc1 Nf2+ 32. Kg1 N6g4 (32... Nh3+ 33.
Kh1 Qg1+) 33. h4 Nh3+ 34. Kh1 Qg1+ 35. Rxg1 Nhf2# 0-1

[Event "Mechanics' Summer TNM; G/2 d5"]
[Site "San Francisco"]
[Date "2018.07.03"]
[Round "6.16"]
[White "Robeal, Rafik"]
[Black "Poling, Scott E"]
[Result "0-1"]
[WhiteElo "1673"]
[BlackElo "1842"]
[Annotator "Winslow,Elliott"]
[PlyCount "60"]
[EventDate "2018.??.??"]
[Source "ChessBase"]
[SourceDate "2007.09.04"]

1. d4 Nf6 2. Nf3 e6 3. g3 b6 4. Bg2 Bb7 5. O-O c5 6. e3 ({
Perhaps head for the hedges with} 6. c4 cxd4 7. Qxd4) 6... Be7 7. c4 O-O 8. Nc3
d5 9. b3 Nbd7 {Compare Nc3 to Nd7} 10. Bb2 cxd4 $6 (10... dxc4 {
Black should clear his B/b7's diagonal first} 11. bxc4 cxd4 12. exd4 {
else the c-pawn stands alone and weak} Rc8 13. Qe2 Qc7 14. Nd2 Bxg2 15. Kxg2 a6
) 11. exd4 $2 (11. Nxd4 $1 $14 {
Now it's Black who's trying to avoid an isolated and weak pawn (on d5).}) 11...
dxc4 12. bxc4 Rc8 13. d5 $6 (13. Qe2 Qc7 14. Nd2 {Black has the interesting}
Ba6 $5) 13... exd5 14. cxd5 Nc5 $6 (14... Bb4 $5 {
Already Black has some initiative}) 15. Ne5 $1 {Heading for c6!?} a6 $6 (15...
Ba6 16. Nc6 Qd7 17. Re1 (17. Nxe7+ Qxe7 18. Re1 Qd7) 17... Bd6 {Black barely
manages to stay organized and without weakness with that knight there}) 16. Re1
(16. Nc6 $1 $16 {But here it's uncomfortable}) 16... Bd6 (16... Re8 17. Nc6 $2
(17. Re3) 17... Bxc6 18. dxc6 Nd3 19. Re2 Bc5 20. Rxe8+ Nxe8 21. Qe2 Bxf2+ 22.
Kh1 Bc5 23. Ne4 (23. Na4)) 17. Nc4 $14 (17. Nc6 Qc7 18. Na4 $1) 17... Qc7 (
17... Re8) 18. Nxd6 {unprovoked} (18. Qd4) (18. Ba3) 18... Qxd6 19. Qd4 {
Still, White keeps his pawn healthy and a bit dangerous, not to mention latent
problems for Black on the long dark diagonal and the two bishopsingeneral} Rcd8
20. Rad1 (20. Ba3 Nxd5 $4 21. Nxd5 Bxd5 22. Rad1 $18) 20... Rfe8 21. Rxe8+ Rxe8
22. Bc1 (22. Ba3) (22. h3) 22... Qe5 $6 23. Qb4 (23. Qxe5 Rxe5 24. Be3) 23...
a5 24. Qb2 (24. Qxb6 $4 Qxc3 $19) 24... Qh5 25. Qb5 (25. Qxb6 $1 Na4 26. Qxb7
Nxc3 27. Rf1 Nfxd5 28. Qc6 Qe5 29. Bd2 $16 {knights without safe squares...})
25... Ba6 $6 (25... Bc8 $11) 26. Qb1 $4 {[#]} (26. Qxb6 Na4 27. Qxa6 Nxc3 28.
Rf1 $16) 26... Qxd1+ $1 (26... Bd3 $1 27. Qxb6 Na4 28. Qd4 Nxc3 29. Qxd3 Nxd1
$19) 27. Nxd1 Re1+ 28. Bf1 Bxf1 29. Bd2 Bd3+ 30. Bxe1 Bxb1 0-1

[Event "Mechanics' Summer TNM; G/2 d5"]
[Site "San Francisco"]
[Date "2018.06.26"]
[Round "5.19"]
[White "Robeal, Rafik"]
[Black "Steger, Eric"]
[Result "1-0"]
[WhiteElo "1673"]
[BlackElo "1964"]
[PlyCount "45"]
[EventDate "2018.??.??"]
[Source "ChessBase"]
[SourceDate "2007.09.04"]

1. d4 d6 2. c4 Nf6 3. Nc3 g6 4. Nf3 Bg7 5. Bg5 c6 6. e3 O-O 7. Be2 Qc7 8. Qc2
Nbd7 9. O-O e5 10. Rfd1 Re8 11. b4 Nf8 12. dxe5 dxe5 13. Rac1 Bf5 14. Qb3 h6
15. Bh4 g5 16. Bg3 Ng6 17. Nd2 Qe7 18. c5 Red8 19. Nc4 Be6 20. Qc2 Bxc4 21.
Bxc4 Rxd1+ 22. Rxd1 Rd8 $4 23. Qxg6 1-0

[Event "Mechanics' Winter TNM; G/2 d5"]
[Site "San Francisco"]
[Date "2018.02.13"]
[Round "6.28"]
[White "Robeal, Rafik"]
[Black "Subedar, Vishal"]
[Result "1-0"]
[WhiteElo "1682"]
[BlackElo "1367"]
[PlyCount "85"]
[EventDate "2018.??.??"]
[Source "ChessBase"]
[SourceDate "2007.09.04"]

1. d4 c6 2. Nf3 d5 3. e3 Nf6 4. Bd3 g6 5. O-O Bg7 6. b3 O-O 7. Bb2 Nbd7 8. Nbd2
b5 9. Qe2 Re8 10. Ne5 Nxe5 11. dxe5 Nd7 12. f4 Nc5 13. Nf3 f6 14. Nd4 Qb6 15.
Nf3 Ne6 16. Bd4 c5 17. Bxb5 cxd4 18. Bxe8 Ba6 19. c4 dxc3 20. Qc2 Rxe8 21. Rf2
Qxe3 22. Re1 Qxf4 23. Qxc3 Rc8 24. Qa5 Nc7 25. Rc2 fxe5 26. Rxc7 e4 27. Rxc8+
Bxc8 28. Qd8+ Qf8 29. Qxd5+ e6 30. Qxe4 a6 31. Rd1 Qe7 32. Re1 Qc5+ 33. Kh1 Kf7
34. Qh4 h6 35. Rf1 Ke8 36. Qg4 g5 37. Qh5+ Ke7 38. Qg6 Bf8 39. Nd2 Kd7 40. Nc4
Bb7 41. Qh7+ Kc6 42. Qf7 Qd5 43. Qxf8 1-0

[Event "Mechanics' Shipman TNM; G/2 d/5"]
[Site "San Francisco"]
[Date "2018.08.07"]
[Round "1.31"]
[White "Robeal, Rafik"]
[Black "Sullivan, George T"]
[Result "1-0"]
[WhiteElo "1671"]
[BlackElo "1016"]
[PlyCount "45"]
[EventDate "2018.??.??"]
[Source "ChessBase"]
[SourceDate "2007.09.04"]

1. d4 d5 2. Nf3 Nf6 3. e3 e6 4. Bd3 c5 5. b3 cxd4 6. Nxd4 Bd6 7. O-O O-O 8. Bb2
Nc6 9. Nd2 a6 10. a3 Nxd4 11. exd4 Qd7 12. Nf3 h6 13. Qe2 Re8 14. Ne5 Qc7 15.
Rac1 Bxe5 16. dxe5 Nd7 17. c4 dxc4 18. Rxc4 Qb8 19. Rd1 Nb6 20. Rg4 Nd5 21. Qe4
f5 22. exf6 Nxf6 23. Bxf6 1-0

[Event "Mechanics' Shipman TNM; G/2 d/5"]
[Site "San Francisco"]
[Date "2018.09.18"]
[Round "7.23"]
[White "Robeal, Rafik"]
[Black "Tuck, Drew"]
[Result "1-0"]
[WhiteElo "1671"]
[BlackElo "1516"]
[PlyCount "81"]
[EventDate "2018.??.??"]
[Source "ChessBase"]
[SourceDate "2007.09.04"]

1. Nf3 d5 2. d4 Nf6 3. e3 e6 4. Bd3 c5 5. b3 Nc6 6. Bb2 Bd6 7. O-O O-O 8. a3 b6
9. Nbd2 Bb7 10. Ne5 Qc7 11. f4 Ne7 12. Qe2 Ne4 13. c4 f6 14. Ng4 Rae8 15. cxd5
exd5 16. Rac1 Qd7 17. Nf2 f5 18. Nf3 cxd4 19. Bxd4 Nc6 20. Qb2 Nxd4 21. Nxd4
Qe7 22. Nxe4 Bxa3 23. Qa1 Bxc1 24. Rxc1 fxe4 25. Bb5 Ra8 26. f5 a6 27. Be2 Qg5
28. Kf2 Rac8 29. Re1 Rf6 30. Bf1 Qh4+ 31. Kg1 Rh6 32. h3 Qg3 33. Ne6 Rxe6 34.
fxe6 Qd6 35. Be2 Re8 36. Bg4 a5 37. Rf1 Rf8 38. Rxf8+ Qxf8 39. Qe5 Qe8 40. e7
Kf7 41. Qe6# 1-0

[Event "Mechanics' Summer TNM; G/2 d/5"]
[Site "San Francisco"]
[Date "2018.05.29"]
[Round "1.4"]
[White "Robeal, Rafik"]
[Black "Wong, Russell"]
[Result "1-0"]
[WhiteElo "1673"]
[BlackElo "2200"]
[PlyCount "79"]
[EventDate "2018.??.??"]
[Source "ChessBase"]
[SourceDate "2007.09.04"]

1. d4 Nf6 2. Nf3 g6 3. c4 Bg7 4. Nc3 c5 5. d5 a6 6. e4 d6 7. Be2 O-O 8. O-O Bg4
9. h3 Bd7 10. Be3 Ne8 11. Qd2 Nc7 12. Bh6 b5 13. Bxg7 Kxg7 14. e5 f6 15. e6 Be8
16. b3 b4 17. Ne4 a5 18. Nh2 g5 19. f4 gxf4 20. Rxf4 Bg6 21. Raf1 Ne8 22. Rh4
Kg8 23. Bh5 Bxh5 24. Rxh5 Ng7 25. Rh6 f5 26. Ng5 Rf6 27. Nf7 Qf8 28. Rxf6 exf6
29. Rf3 Ra7 30. Nh6+ Kh8 31. Nxf5 Nxf5 32. Rxf5 Rg7 33. Ng4 Rg6 34. Qf4 Kg7 35.
Ne3 Na6 36. Rh5 Kh8 37. Nf5 Rg5 38. Rxg5 fxg5 39. Qxg5 Nc7 40. Nh6 1-0

[Event "Mechanics' Shipman TNM; G/2 d/5"]
[Site "San Francisco"]
[Date "2018.08.14"]
[Round "2.10"]
[White "Robeal, Rafik"]
[Black "Wonsever, James"]
[Result "1-0"]
[WhiteElo "1671"]
[BlackElo "1933"]
[PlyCount "91"]
[EventDate "2018.??.??"]
[Source "ChessBase"]
[SourceDate "2007.09.04"]

1. d4 d5 2. c4 c6 3. Nf3 Nf6 4. Nc3 e6 5. e3 Nbd7 6. Bd3 dxc4 7. Bxc4 b5 8. Bd3
Bb7 9. O-O Bd6 10. b3 a6 11. Bb2 O-O 12. e4 e5 13. Rc1 Re8 14. Re1 Rc8 15. Bb1
c5 16. d5 Nf8 17. Nd2 Ng6 18. Ne2 Nh5 19. Ng3 Nxg3 20. hxg3 f6 21. Qg4 Rc7 22.
Bc3 Rf7 23. a4 Bc8 24. Qe2 Bd7 25. Bd3 Qb6 26. Nf1 Rff8 27. Ne3 Ne7 28. g4 g6
29. g3 Rb8 30. Rb1 Qd8 31. Kg2 Qe8 32. axb5 axb5 33. Ra1 f5 34. gxf5 gxf5 35.
exf5 Nxf5 36. Nxf5 Bxf5 37. Ra7 Rf7 38. Ra6 Bxd3 39. Qxd3 Qf8 40. f3 Re8 41.
Re4 c4 42. bxc4 bxc4 43. Rxc4 e4 44. Rxe4 Rxe4 45. Qxe4 h5 46. Qg6+ 1-0

[Event "Mechanics' Winter TNM; G/2 d5"]
[Site "San Francisco"]
[Date "2018.02.13"]
[Round "6.50"]
[White "Robertson, Guy"]
[Black "Isenberger, Stefan"]
[Result "1/2-1/2"]
[WhiteElo "1402"]
[BlackElo "1272"]
[PlyCount "33"]
[EventDate "2018.??.??"]
[Source "ChessBase"]
[SourceDate "2007.09.04"]

1. c4 e5 2. Nc3 c5 3. g3 Nc6 4. Bg2 Nf6 5. e3 d6 6. Nge2 Be6 7. b3 Rc8 8. Bb2
Be7 9. O-O O-O 10. d4 exd4 11. exd4 cxd4 12. Nxd4 Bg4 13. Nxc6 bxc6 14. Qd3 Re8
15. h3 Bh5 16. g4 Bg6 17. Qg3 {Remaining moves unavailable.} 1/2-1/2

[Event "Mechanics' Winter TNM; G/2 d5"]
[Site "San Francisco"]
[Date "2018.02.20"]
[Round "7.31"]
[White "Robertson, Guy"]
[Black "James, Charles"]
[Result "1-0"]
[WhiteElo "1400"]
[BlackElo "1381"]
[PlyCount "55"]
[EventDate "2018.??.??"]
[Source "ChessBase"]
[SourceDate "2007.09.04"]

1. c4 e5 2. Nc3 Nf6 3. e3 d6 4. g3 Be6 5. b3 Nbd7 6. Bg2 c6 7. Nge2 Be7 8. d4
d5 9. dxe5 Nxe5 10. O-O dxc4 11. Nd4 Bd7 12. f4 Bg4 13. Qc2 cxb3 14. Nxb3 Nd3
15. h3 Nxc1 16. Raxc1 Be6 17. Rfd1 Qb6 18. Nd4 Nd5 19. Na4 Qa5 20. Nxe6 fxe6
21. Qe4 Kf7 22. h4 Nxe3 23. Re1 b5 24. Rxe3 Qxa4 25. Qxe6+ Kf8 26. Qxe7+ Kg8
27. Bxc6 h6 28. Bxa8 1-0

[Event "Mechanics' Summer TNM; G/2 d/5"]
[Site "San Francisco"]
[Date "2018.05.29"]
[Round "1.31"]
[White "Robertson, Guy R"]
[Black "Shi, Jaysen"]
[Result "0-1"]
[WhiteElo "1429"]
[BlackElo "1931"]
[PlyCount "54"]
[EventDate "2018.??.??"]
[Source "ChessBase"]
[SourceDate "2007.09.04"]

1. c4 e5 2. e3 Nf6 3. Ne2 Be7 4. g3 d5 5. cxd5 Qxd5 6. Rg1 Bg4 7. Nbc3 Qd7 8.
b3 c5 9. Bb2 Nc6 10. a3 e4 11. Qc2 Ne5 12. Bg2 Nd3+ 13. Kf1 Rd8 14. Nxe4 Nxb2
15. Qxb2 Bxe2+ 16. Kxe2 Qd3+ 17. Ke1 Nxe4 18. Bxe4 Qxe4 19. Qxg7 Rf8 20. Qc3
Qd3 21. Rd1 Qxc3 22. dxc3 c4 23. b4 Bf6 24. Rxd8+ Kxd8 25. Kd2 Kc7 26. Kc2 Rd8
27. Rd1 Rxd1 0-1

[Event "Mechanics' Bedjanian TNM; G/2 d/5"]
[Site "San Francisco"]
[Date "2018.11.20"]
[Round "5.32"]
[White "Robertson, Terrance"]
[Black "Adams, Sophie"]
[Result "1/2-1/2"]
[WhiteElo "1471"]
[BlackElo "1403"]
[Annotator "Winslow,Elliott"]
[PlyCount "69"]
[EventDate "2018.??.??"]
[Source "ChessBase"]
[SourceDate "2007.09.04"]

1. e4 e5 2. Nf3 Nc6 3. d4 exd4 4. Nxd4 Bc5 5. Be3 Qf6 6. c3 Bb6 7. Bc4 Nge7 8.
O-O O-O 9. f4 d6 10. Kh1 Bd7 11. Bg1 Rad8 12. Nxc6 Bxc6 13. Bxb6 axb6 14. Qe2
Ng6 15. f5 Ne5 16. Bd5 Rfe8 17. Nd2 Bxd5 18. exd5 Nd7 19. Qc4 Rc8 20. Ne4 Qe7
21. Rae1 Ne5 22. Qe2 f6 23. Ng3 Qf7 24. Qh5 Qxd5 25. Qd1 Qxa2 (25... Qxd1) 26.
Nh5 Qf7 27. Nf4 Nc4 28. b3 Rxe1 (28... Ne3 $142 $19) 29. Rxe1 Ne5 30. Ne6 Re8
31. Qd5 g6 32. Nxc7 Re7 33. fxg6 hxg6 34. Qxf7+ Kxf7 35. Nd5 1/2-1/2

[Event "Mechanics' Winter TNM; G/2 d5"]
[Site "San Francisco"]
[Date "2018.01.30"]
[Round "4.54"]
[White "Robertson, Terrance"]
[Black "Ashton, Mark"]
[Result "1-0"]
[WhiteElo "1483"]
[BlackElo "919"]
[PlyCount "34"]
[EventDate "2018.??.??"]
[Source "ChessBase"]
[SourceDate "2007.09.04"]

1. e4 c5 2. Nf3 Nc6 3. d4 cxd4 4. Nxd4 e5 5. Nb3 Nf6 6. Nc3 Bb4 7. Bg5 h6 8.
Bxf6 Qxf6 9. Qd2 b6 10. a3 Bxc3 11. Qxc3 Nd4 12. Bc4 Bb7 13. Nxd4 exd4 14. Qd3
O-O 15. O-O Rfe8 16. Rfe1 Bxe4 17. Rxe4 Rxe4 1-0

[Event "Mechanics' Bedjanian TNM; G/2 d/5"]
[Site "San Francisco"]
[Date "2018.12.18"]
[Round "9.27"]
[White "Robertson, Terrance"]
[Black "Bradley, Christopher"]
[Result "0-1"]
[WhiteElo "1471"]
[BlackElo "1407"]
[PlyCount "94"]
[EventDate "2018.??.??"]
[Source "ChessBase"]
[SourceDate "2007.09.04"]

1. e4 c5 2. Nf3 g6 3. d4 cxd4 4. Nxd4 Bg7 5. c4 Nc6 6. Be3 Nf6 7. Nc3 Ng4 8.
Qxg4 Bxd4 9. Bxd4 Nxd4 10. O-O-O e5 11. f4 d6 12. Qg3 Qa5 13. Kb1 Be6 14. Nd5
Bxd5 15. exd5 f6 16. Bd3 O-O-O 17. Rhf1 Qc7 18. fxe5 fxe5 19. Rf2 Rhf8 20. Rdf1
Qe7 21. Be4 Rxf2 22. Qxf2 Rg8 23. Qf7 Rg7 24. Qxe7 Rxe7 25. Rf8+ Kc7 26. b4 b6
27. a4 a5 28. bxa5 bxa5 29. Kb2 Kb6 30. Kc3 Rb7 31. Ra8 Kc7 32. Rxa5 Rb3+ 33.
Kd2 Kb7 34. c5 dxc5 35. Rxc5 Rb6 36. d6+ Kb8 37. Rd5 Kc8 38. d7+ Kd8 39. Kc3
Rc6+ 40. Kb4 Rc7 41. a5 Nc6+ 42. Kb5 Nd4+ 43. Kb6 Rc6+ 44. Kb7 Rc7+ 45. Kb6
Rc6+ 46. Ka7 Rc7+ 47. Ka8 Nc6 0-1

[Event "Mechanics' Spring TNM; G/2 d5"]
[Site "San Francisco"]
[Date "2018.03.20"]
[Round "1.12"]
[White "Robertson, Terrance"]
[Black "Davies, Vinzent"]
[Result "0-1"]
[WhiteElo "1483"]
[BlackElo "2015"]
[PlyCount "74"]
[EventDate "2018.??.??"]
[Source "ChessBase"]
[SourceDate "2007.09.04"]

1. e4 c6 2. d4 d5 3. exd5 cxd5 4. c4 Nf6 5. Nf3 Nc6 6. c5 Bg4 7. Be2 e6 8. O-O
Be7 9. Nc3 O-O 10. Bf4 Nh5 11. Qd2 Nxf4 12. Qxf4 Bxf3 13. Bxf3 Bg5 14. Qg4 f5
15. Qg3 Nxd4 16. Qe5 Bf6 17. Qe3 Nxf3+ 18. Qxf3 Qa5 19. Qe2 Rfe8 20. Nb5 a6 21.
Nd6 Re7 22. Qc2 Qc7 23. Qb3 Qxc5 24. Nxb7 Qc7 25. Rfe1 Qxb7 26. Qxb7 Rxb7 27.
Rxe6 Rxb2 28. Kf1 Rxf2+ 29. Kxf2 Bxa1 30. Rd6 d4 31. Rd5 g6 32. a4 Kf7 33. Rd7+
Kf6 34. Rxh7 d3 35. Rb7 Rd8 36. Rb1 d2 37. Ke2 Bc3 0-1

[Event "Mechanics' Bedjanian TNM; G/2 d/5"]
[Site "San Francisco"]
[Date "2018.12.04"]
[Round "7.31"]
[White "Robertson, Terrance"]
[Black "Hilliard, Michael"]
[Result "1-0"]
[WhiteElo "1471"]
[BlackElo "1405"]
[Annotator "Winslow,Elliott"]
[PlyCount "93"]
[EventDate "2018.??.??"]
[Source "ChessBase"]
[SourceDate "2007.09.04"]

1. e4 c6 2. d4 d5 3. exd5 cxd5 4. c4 Nf6 5. Nf3 (5. Nc3) 5... Bf5 $2 (5... Nc6
{Preparatory knight move.}) (5... e6) (5... g6) 6. Qb3 $6 (6. Nc3 {
Preparatory knight moves!}) 6... b6 $2 (6... Qb6) (6... Nc6) (6... dxc4 7. Bxc4
e6 8. Nc3 $16 (8. Qxb7 Be4 $1)) 7. Nc3 $18 (7. cxd5 $18) 7... e6 8. cxd5 exd5
9. Bb5+ Bd7 (9... Nbd7 10. O-O Be7 11. Re1 O-O 12. Nxd5) 10. Nxd5 $6 (10. O-O
$1 Be7 11. Ne5) 10... a6 $2 (10... Bb4+ $1 11. Nxb4 Bxb5 {
Still good for White, but Black battles on...}) 11. Nxf6+ Qxf6 12. Bxd7+ Nxd7
13. Qe3+ $6 (13. O-O h6 (13... Be7 14. Bg5 {is just a bit too much}) 14. Re1+
Be7 15. Qe3 $18) 13... Be7 14. Qe4 O-O (14... Qe6 $5 15. Qxe6 fxe6 16. Ke2) 15.
O-O Rfe8 16. Bg5 Qd6 17. Bxe7 Qxe7 18. Qxe7 Rxe7 19. Rfe1 Rae8 (19... Rxe1+ 20.
Rxe1 Rc8) 20. Kf1 (20. Rxe7 Rxe7 21. Rc1 Re2 $2 22. Rc8+ Nf8 23. Kf1 Rxb2 24.
Ne5 $18) 20... Nf6 (20... Rxe1+ 21. Rxe1 Kf8 22. Rc1 Re4) (20... f6) 21. Rxe7
Rxe7 22. Rc1 g6 23. Rc6 Nd7 24. Rc7 Kf8 25. d5 Nf6 26. d6 Rd7 27. Rc6 Nd5 28.
Ne5 Rd8 29. d7 Ne7 30. Rxb6 a5 31. Ke2 Kg7 32. Rd6 f6 33. Nc4 Nf5 34. Rd5 a4
35. Nb6 Kf7 36. Nxa4 Ke7 37. Nb6 Ke6 38. Rc5 Nd6 39. a4 Nb7 40. Rc8 Ke7 41. Ke3
Nd6 42. Rxd8 Kxd8 43. Kd4 Nf7 44. a5 Ne5 45. a6 Nc6+ 46. Kc5 Kc7 47. d8=Q+ 1-0

[Event "Mechanics' Winter TNM; G/2 d5"]
[Site "San Francisco"]
[Date "2018.02.27"]
[Round "8.44"]
[White "Robertson, Terrance"]
[Black "Isenberger, Stefan"]
[Result "0-1"]
[WhiteElo "1483"]
[BlackElo "1272"]
[PlyCount "66"]
[EventDate "2018.??.??"]
[Source "ChessBase"]
[SourceDate "2007.09.04"]

1. e4 e5 2. Nf3 Nc6 3. d4 exd4 4. Nxd4 Qe7 5. Qe2 Nxd4 6. Qd3 Nc6 7. Nc3 Nf6 8.
Bg5 h6 9. Bxf6 Qxf6 10. O-O-O Qxf2 11. Nd5 Bd6 12. g3 O-O 13. Rd2 Qc5 14. Bh3
Nb4 15. Qb3 Nxd5 16. Rxd5 Qb4 17. Qd3 b6 18. e5 Be7 19. a3 Qa4 20. Rd4 Qa6 21.
Qb3 c5 22. Bf1 Qb7 23. Rd5 d6 24. Bc4 dxe5 25. Re1 Be6 26. Rexe5 Bg5+ 27. Kb1
Bxd5 28. Bxd5 Qc7 29. Rxg5 hxg5 30. Bxa8 Rxa8 31. Qd5 Qd8 32. Qe4 Rc8 33. Kc1
Qe8 0-1

[Event "Mechanics' Bedjanian TNM; G/2 d/5"]
[Site "San Francisco"]
[Date "2018.10.23"]
[Round "1.12"]
[White "Robertson, Terrance"]
[Black "Jain, Shaurya"]
[Result "0-1"]
[WhiteElo "1471"]
[BlackElo "2033"]
[PlyCount "60"]
[EventDate "2018.??.??"]
[Source "ChessBase"]
[SourceDate "2007.09.04"]

1. e4 c5 2. Nf3 d6 3. d4 cxd4 4. Nxd4 Nf6 5. Nc3 a6 6. Be3 e5 7. Nb3 Be6 8. f3
Nbd7 9. Qd2 b5 10. O-O-O Nb6 11. Kb1 Nc4 12. Bxc4 bxc4 13. Nc1 Rb8 14. N1e2 Qd7
15. Ng3 Qb7 16. b3 Be7 17. Nf5 Bxf5 18. exf5 h6 19. Nd5 Nxd5 20. Qxd5 Qc7 21.
Rc1 O-O 22. Rhd1 Rfc8 23. f4 Rb5 24. Qe4 Qa5 25. Bd2 c3 26. Bxc3 Rxc3 27. f6
gxf6 28. Qa8+ Kg7 29. Qe8 Qa3 30. Qxe7 Ra5 0-1

[Event "Mechanics' Spring TNM; G/2 d5"]
[Site "San Francisco"]
[Date "2018.04.17"]
[Round "5.35"]
[White "Robertson, Terrance"]
[Black "Karp, Richard M"]
[Result "1/2-1/2"]
[WhiteElo "1483"]
[BlackElo "1834"]
[PlyCount "70"]
[EventDate "2018.??.??"]
[Source "ChessBase"]
[SourceDate "2007.09.04"]

1. e4 c5 2. Nf3 Nc6 3. d4 cxd4 4. Nxd4 g6 5. c4 Bg7 6. Be3 d6 7. Nc3 Nf6 8. Be2
O-O 9. O-O Qa5 10. f3 a6 11. Qd2 Nxd4 12. Bxd4 Be6 13. Rfe1 Rfe8 14. b3 Qc7 15.
Rac1 Rac8 16. Nd5 Bxd5 17. cxd5 Qb8 18. Rxc8 Rxc8 19. Kf1 Qc7 20. Be3 Nd7 21.
Rc1 Qxc1+ 22. Qxc1 Rxc1+ 23. Bxc1 Bd4 24. f4 Nc5 25. Bf3 Kg7 26. Ke2 Bg1 27. h3
Nd7 28. Be3 Bxe3 29. Kxe3 e6 30. g4 exd5 31. exd5 h6 32. h4 f6 33. Kd4 f5 34.
g5 hxg5 35. hxg5 Kf7 1/2-1/2

[Event "Mechanics' Summer TNM; G/2 d/5"]
[Site "San Francisco"]
[Date "2018.06.05"]
[Round "2.44"]
[White "Robertson, Terrance"]
[Black "Latourette, Nicholas"]
[Result "1-0"]
[WhiteElo "1439"]
[BlackElo "1066"]
[PlyCount "47"]
[EventDate "2018.??.??"]
[Source "ChessBase"]
[SourceDate "2007.09.04"]

1. e4 e5 2. Nf3 Nc6 3. d4 exd4 4. Nxd4 Bc5 5. Be3 Qf6 6. c3 b6 7. Be2 Nge7 8.
O-O Bb7 9. Nb5 Bd6 10. f4 O-O 11. e5 Nxe5 12. Nxd6 cxd6 13. fxe5 Qxe5 14. Bf4
Qc5+ 15. Qd4 Qxd4+ 16. cxd4 Nd5 17. Nc3 Nxc3 18. bxc3 Rac8 19. Bxd6 Rfe8 20.
Bf3 Bxf3 21. Rxf3 Re6 22. Bg3 g5 23. Raf1 Re2 24. Rxf7 1-0

[Event "Mechanics' Summer TNM; G/2 d/5"]
[Site "San Francisco"]
[Date "2018.06.19"]
[Round "4.40"]
[White "Robertson, Terrance"]
[Black "Lepera, Joseph"]
[Result "1-0"]
[WhiteElo "1439"]
[BlackElo "1009"]
[PlyCount "43"]
[EventDate "2018.??.??"]
[Source "ChessBase"]
[SourceDate "2007.09.04"]

1. e4 e5 2. Nf3 Nc6 3. d4 exd4 4. Nxd4 Nf6 5. Nc3 Bb4 6. Nxc6 bxc6 7. e5 Nd5 8.
Qf3 O-O 9. Bc4 Re8 10. O-O Rxe5 11. Nxd5 cxd5 12. Bxd5 Qe7 13. Bxa8 Bc5 14. Bd5
Ba6 15. Bf4 Rf5 16. Rfe1 Qf8 17. Re5 Rf6 18. Rae1 Re6 19. Bxe6 fxe6 20. Be3 Bd6
21. Qxf8+ Kxf8 22. Bc5 1-0

[Event "Mechanics' Spring TNM; G/2 d5"]
[Site "San Francisco"]
[Date "2018.04.03"]
[Round "3.26"]
[White "Robertson, Terrance"]
[Black "Lesquillier, Walter"]
[Result "0-1"]
[WhiteElo "1483"]
[BlackElo "1749"]
[PlyCount "116"]
[EventDate "2018.??.??"]
[Source "ChessBase"]
[SourceDate "2007.09.04"]

1. e4 e5 2. Nf3 Nc6 3. d4 exd4 4. Nxd4 Nf6 5. Nc3 Bb4 6. Nxc6 Bxc3+ 7. bxc3
bxc6 8. Bd3 h6 9. c4 O-O 10. O-O d6 11. Bb2 Rb8 12. Rb1 Bd7 13. Qf3 Qe7 14.
Bxf6 Qxf6 15. Qxf6 gxf6 16. Rb3 c5 17. Rfb1 Rb6 18. f4 Ba4 19. Rxb6 axb6 20.
Kf2 Ra8 21. Rb2 Bc6 22. f5 Ra4 23. Ke3 Bd7 24. g4 Ra3 25. Kd2 Kg7 26. c3 Ra8
27. Bb1 Bc8 28. Bc2 Ba6 29. Bd3 Bb7 30. Bc2 Rh8 31. Rb1 Ra8 32. a4 Bc6 33. Ra1
Kf8 34. Ke3 Kg7 35. Kf4 Ra5 36. h4 b5 37. cxb5 Bxb5 38. h5 Kf8 39. Ke3 Bc6 40.
Bb3 Ke7 41. c4 Kd7 42. Ra2 Kc8 43. Ra1 Ra7 44. Bc2 Rb7 45. Rb1 Rxb1 46. Bxb1
Bxa4 47. Bd3 Bd1 48. Be2 Bxe2 49. Kxe2 Kb7 50. Kd3 Kb6 51. Kc3 Ka5 52. Kb3 c6
53. Ka3 Kb6 54. Ka4 Kc7 55. Ka5 d5 56. exd5 cxd5 57. cxd5 Kd6 58. Kb5 Kxd5 0-1

[Event "Mechanics' Spring TNM; G/2 d5"]
[Site "San Francisco"]
[Date "2018.05.01"]
[Round "7.23"]
[White "Robertson, Terrance"]
[Black "Mays, Jerry L"]
[Result "0-1"]
[WhiteElo "1483"]
[BlackElo "1700"]
[PlyCount "70"]
[EventDate "2018.??.??"]
[Source "ChessBase"]
[SourceDate "2007.09.04"]

1. e4 e5 2. Nf3 Nc6 3. d4 exd4 4. Nxd4 Bc5 5. Be3 Qf6 6. c3 Nge7 7. Bc4 O-O 8.
O-O Ne5 9. Be2 d5 10. f4 Nc4 11. Bxc4 dxc4 12. Qe2 Qb6 13. Rf3 Bg4 14. Kf2 Bxf3
15. Kxf3 Qh6 16. h3 Qh5+ 17. Kf2 Qxe2+ 18. Kxe2 Rfe8 19. Nd2 Bxd4 20. Bxd4 b5
21. b3 cxb3 22. axb3 f5 23. Rxa7 Rxa7 24. Bxa7 Nd5 25. Kf3 fxe4+ 26. Nxe4 b4
27. cxb4 Nxb4 28. Bc5 Nd3 29. Bd4 Ne1+ 30. Ke3 Nxg2+ 31. Kf3 Ne1+ 32. Ke3 Ng2+
33. Kf3 Nh4+ 34. Ke3 Nf5+ 35. Kd3 Rd8 0-1

[Event "Mechanics' Vartan Bedjanian TNM; G/2 d/"]
[Site "San Francisco"]
[Date "2018.11.07"]
[Round "3.24"]
[White "Robertson, Terrance"]
[Black "Mays, Jerry L"]
[Result "1/2-1/2"]
[WhiteElo "1471"]
[BlackElo "1700"]
[PlyCount "69"]
[EventDate "2018.??.??"]
[Source "ChessBase"]
[SourceDate "2007.09.04"]

1. e4 g6 2. d4 Bg7 3. Nc3 d6 4. Be3 Nf6 5. Qd2 O-O 6. O-O-O Nbd7 7. f3 e5 8.
dxe5 Nxe5 9. Bh6 a6 10. Bxg7 Kxg7 11. Nge2 b5 12. Nf4 Be6 13. Ncd5 c6 14. Nxe6+
fxe6 15. Nxf6 Qxf6 16. Be2 Rab8 17. Qxd6 Nc4 18. Bxc4 bxc4 19. Qd4 e5 20. Qe3
Rf7 21. h4 Rfb7 22. b3 Qf8 23. Qc3 Qc5 24. Rd2 a5 25. f4 a4 26. fxe5 axb3 27.
Rd7+ Kg8 28. Rxb7 Rxb7 29. axb3 Qa3+ 30. Qb2 Qa5 31. Qd4 c3 32. Qa4 Qxe5 33.
Qxc6 Ra7 34. Kb1 Qa5 35. Qd5+ 1/2-1/2